|
|
|
|
| LEADER |
00951cam a2200265 7i4500 |
| 001 |
0000036173 |
| 005 |
20191129090000.0 |
| 007 |
##ta |
| 008 |
191129s2019 |
| 020 |
# |
# |
|a 9789678928137
|
| 040 |
# |
# |
|a MATR
|
| 090 |
0 |
0 |
|a M 342
|b PER
|
| 245 |
0 |
0 |
|a PERLEMBAGAAN DAN UNDANG - UDANG AM (PANDUAN KEPADA CALON - CALON PEPERIKSAAN UNDANG - UNDANG KERAJAAN).
|
| 264 |
# |
4 |
|a ♭.
|
| 264 |
# |
1 |
|a Petaling Jaya, Selangor:
|b International Law Book Services,
|c 2019.
|
| 300 |
# |
# |
|a 926 pages:
|b illustrations;
|c 24 cm.
|
| 336 |
# |
# |
|a text
|2 rdacontent
|
| 337 |
# |
# |
|a unmediated
|2 rdamedia
|
| 338 |
# |
# |
|a volume
|2 rdacarrier
|
| 440 |
# |
# |
|a Undang - undang Malaysia
|
| 504 |
# |
# |
|a Includes bibliographical references and index
|
| 650 |
# |
0 |
|a Constitutional law --
|z Malaysia
|
| 999 |
|
|
|a B000070908
|b Book
|c Malaysia
|e Business Information Centre
|
| 999 |
|
|
|a B000040908
|b Book
|c Malaysia
|e Business Information Centre
|
| 999 |
|
|
|a B000040907
|b Book
|c Malaysia
|e Business Information Centre
|